Casus conscientiae quos coram Illustrissimo et Reverendissimo Episcopo Joachimo Cantagallio et clero faventino resolvebat Aemilius Can. Berardi professor theologiae moralis et pastoralis anno MDCCCXCII

Detalles Bibliográficos
Autor principal: Berardi, Emilio
Otros Autores: Cantagalli, Gioachino, ob. de Faenza, 1825-1912
Formato: Libro
Lenguaje:Latin
Publicado: Faventiae : ex typographia Novelli ; Romae : typ. de Propaganda Fide ; New York : Benziger bros., s.a.
Materias:
Colección:Banco de datos
Acervo:Seminario Conciliar de Nuestra Señora de Guadalupe Querétaro. Qro.. Biblioteca Florencio Rosas. Fondo Histórico
Descripción Física:[1] h., 99 p., [1] h. ; 21 cm.
Tema general:Teología moral - Casuística
Notas:Consta al final del texto: Faventiae die 2 Januarii 1893. Texto con signaturas y notas a pie de página
LEADER 01038nam a22002050004500
035 |a 2152 
041 0 |a lat 
100 1 |a Berardi, Emilio 
245 1 0 |a Casus conscientiae quos coram Illustrissimo et Reverendissimo Episcopo Joachimo Cantagallio et clero faventino resolvebat Aemilius Can. Berardi professor theologiae moralis et pastoralis anno MDCCCXCII  
260 |a Faventiae : ex typographia Novelli ; Romae : typ. de Propaganda Fide ; New York : Benziger bros., s.a. 
300 |a [1] h., 99 p., [1] h. ; 21 cm.  
500 |a Consta al final del texto: Faventiae die 2 Januarii 1893. Texto con signaturas y notas a pie de página 
501 |a 5 obras (5765-C, 5766-C) 
504 |a Incluye índice de contenido 
650 1 0 |a Teología moral - Casuística 
700 1 |a Cantagalli, Gioachino, ob. de Faenza, 1825-1912 
949 |a Fondo Histórico: 5765-C, 5766-C 
942 |c Q.R.H.T 
943 |g Seminario Conciliar de Nuestra Señora de Guadalupe Querétaro. Qro.. Biblioteca Florencio Rosas. Fondo Histórico 
999 |c 1083607  |d 1083607